[Event "BL 2016-17"]
[Site "Jenbach"]
[Date "2017.04.21"]
[Round "10"]
[White "Repkova, Eva"]
[Black "Lehner, Oliver"]
[Result "0-1"]
[WhiteElo "2328"]
[BlackElo "2386"]
[Annotator "NA"]
[PlyCount "48"]
[EventDate "2017.??.??"]
[EventCountry "AUT"]
[SourceTitle "playchess.com"]
[Source "ChessBase"]
[SourceQuality "1"]
[WhiteTeam "Bregenz"]
[BlackTeam "Jenbach"]
[TimeControl "40/5400+30:1800+30"]

{[%evp 20,47,-67,-50,32767,-273,-268,-279,-77,-68,32767,32767,-77,32767,-107,-89,-68,-90,0,-249,-232,32767,-564,32767,-756,-2231,32767,-2466,-29986,-29990]} 1. e4 {[%emt 0:00:00]} e5 {[%emt 0:00:10]} 2. Bc4 {[%emt 0:00:00]} Nf6 {[%emt 0:00:10]} 3. d3 {[%emt 0:00:00]} Nc6 {[%emt 0:00:24]} 4. Nf3 {[%emt 0:00:01]} Bc5 {[%emt 0:00:32]} 5. O-O {[%emt 0:01:08]} a6 {[%emt 0:02:43]} 6. c3 {[%emt 0:00:11]} Ba7 {[%emt 0:01:04]} 7. Bg5 {[%emt 0:02:12] C54: Giuoco Piano: 4 c3 Nf6, main lines with 5 d4 and 5 d3} (7. Re1 O-O 8. a4 h6 9. h3 d6 10. Nbd2 Be6 11. b4 Qd7 12. Bxe6 Qxe6 13. Qb3 g5 14. Qxe6 fxe6 {½-½ (84) Howell,D (2644)-Short,N (2679) London 2016}) 7... h6 {[%emt 0:02:26]} 8. Bh4 {[%emt 0:00:40]} d6 {[%emt 0:00:47]} 9. d4 {[%emt 0:00:35]} g5 $146 {[%emt 0:17:45]} (9... Qe7 10. Re1 Bg4 11. d5 Nb8 12. Nbd2 g5 13. Bg3 Nbd7 14. Nf1 Nf8 {0-1 (49) Heim,B (2260)-Gschnitzer,O (2295) Eppingen 1988}) 10. dxe5 {[%emt 0:06:25]} gxh4 {[%emt 0:00:40]} 11. exf6 {[%emt 0:00:04]} Qxf6 {[%emt 0:00:10]} 12. h3 $2 {[%emt 0:04:01]} (12. Nbd2 $17 {was called for.}) 12... Rg8 {[%emt 0:04:43]} 13. Kh1 {[%emt 0:00:05] [#]} Bd7 $2 {[%emt 0:03:46]} (13... Qg6 $1 $19 {[%csl Gg8][%cal Rg6g2] has better winning chances.} 14. Nxh4 Qg5) 14. Nbd2 {[%emt 0:00:12]} O-O-O {[%emt 0:00:36]} 15. Qe2 {[%emt 0:05:25]} Rg7 {[%emt 0:11:47]} 16. a4 {[%emt 0:02:21]} Rdg8 {[%emt 0:01:19]} 17. Rg1 {[%emt 0:00:10]} Ne7 {[%emt 0:09:44]} 18. e5 {[%emt 0:04:09] [#]} dxe5 {[%emt 0:00:17]} ({Black should try} 18... Qf4 $1 $17) 19. Ne4 $2 {[%emt 0:02:01]} (19. Nxe5 $11 {and White is okay.} Bf5 20. Ndf3) 19... Qf4 {[%emt 0:02:12]} 20. Bxa6 {[%emt 0:02:07]} bxa6 {[%emt 0:04:55]} 21. Qxa6+ {[%emt 0:00:06]} Kb8 {[%emt 0:00:37]} 22. Nd6 {[%emt 0:02:08]} Bc6 {[%emt 0:05:14]} 23. Nb5 {[%emt 0:00:34]} Bxf2 {[%emt 0:01:27]} 24. Nfd4 {[%emt 0:00:07]} exd4 {[%emt 0:04:19]} 0-1

[Event "BL 2016-17"]
[Site "Jenbach"]
[Date "2017.04.21"]
[Round "10"]
[White "Weindl, Alfred"]
[Black "Boensch, Uwe"]
[Result "0-1"]
[WhiteElo "2328"]
[BlackElo "2558"]
[Annotator "TA"]
[PlyCount "52"]
[EventDate "2017.??.??"]
[EventCountry "AUT"]
[SourceTitle "playchess.com"]
[Source "ChessBase"]
[SourceQuality "1"]
[WhiteTeam "Jenbach"]
[BlackTeam "Bregenz"]

{[%evp 21,52,0,3,3,19,14,19,21,7,20,20,0,0,-14,34,28,29,40,44,23,52,32,41,33,61,67,81,67,75,-328,-346,-29994,-29995]} 1. Nf3 d5 2. g3 Bg4 3. Bg2 Nd7 4. c4 e6 5. cxd5 exd5 6. O-O Ngf6 7. d3 {[%cal Bd2d3,Bd3d4][%mdl 32] A07: Réti Opening: New York and Capablanca Systems} Bc5 8. Qb3 Qc8 9. Nc3 c6 10. Bf4 O-O 11. Rac1 Re8 {LiveBook: 3 Games} 12. d4 $146 (12. Rfe1 Bb6 13. Nb5 Nc5 14. Qa3 cxb5 15. b4 Qd8 16. bxc5 Ba5 17. Rf1 Rxe2 {1-0 (32) Van Wely,L (2653)-Krasenkow,M (2610) Montpellier 2015}) 12... Bf8 13. h3 Bxf3 14. Bxf3 {[%cal Rc3d5] Hoping for Nxd5!} Nb6 15. Kg2 Qe6 16. Rfd1 Bd6 17. Bg5 Rab8 18. Bxf6 Qxf6 19. e4 dxe4 $1 20. Nxe4 Qg6 21. Nc5 Re7 22. a4 {[%cal Ba2a4,Ba4a5][%mdl 32]} Rbe8 23. a5 Nd5 $1 {[%cal Rd5e3]} (23... Re3 $2 24. Qc2 Rxf3 25. Qxg6 (25. Kxf3 Qg5 $18) 25... hxg6 26. Kxf3 Bxc5 27. Rxc5 $18) 24. Bxd5 cxd5 {[#]} 25. Qxd5 $2 {[%mdl 8192] [#]} ({Much weaker is} 25. Nxb7 Qe4+ 26. Kg1 Bxg3 27. fxg3 Rxb7 28. Qxb7 Qe3+ 29. Kh2 (29. Kg2 Qe4+ 30. Kh2 Qe2+ 31. Kh1 Qe4+ 32. Kh2 Qe2+ 33. Kh1 Qe4+ 34. Kh2 $11) 29... Qe2+ 30. Kh1 (30. Kg1 Qe3+ 31. Kh2 Qe2+ 32. Kh1 Qe4+ 33. Kh2 Qe2+ $11) 30... Qe4+ 31. Kh2 Qe2+ 32. Kh1 (32. Kg1 Qe3+ 33. Kh2 Qe2+ $11) 32... Qe4+ 33. Kh2 Qe2+ $11) (25. Rc3 $1 $16 {keeps the pressure on.}) 25... Bxg3 $1 $19 {[%mdl 512]} ({Inferior is} 25... Re2 26. g4 $11) 26. fxg3 $2 (26. Qf3 $19 Bf4+ 27. Qg4 Bxc1 28. Qxg6 fxg6 29. Rxc1) 26... Re2+ 0-1

[Event "BL 2016-17"]
[Site "Jenbach"]
[Date "2017.04.21"]
[Round "10"]
[White "Wallner, Joachim"]
[Black "Blohberger, Felix"]
[Result "0-1"]
[WhiteElo "2322"]
[BlackElo "2265"]
[Annotator "NA"]
[PlyCount "78"]
[EventDate "2017.??.??"]
[EventCountry "AUT"]
[SourceTitle "playchess.com"]
[Source "ChessBase"]
[SourceQuality "1"]
[WhiteTeam "Wulkaprodersdorf"]
[BlackTeam "Wien-SK Ottakring"]
[TimeControl "40/5400+30:1800+30"]

1. b3 {[%emt 0:00:00]} e5 {[%emt 0:00:04]} 2. Bb2 {[%emt 0:00:00]} Nc6 {[%emt 0:00:03]} 3. e3 {[%emt 0:00:00]} Nf6 {[%emt 0:00:04]} 4. Bb5 {[%emt 0:00:14]} e4 {[%emt 0:00:04] A01: Nimzowitsch-Larsen Opening} (4... Bd6 5. Na3 e4 6. Nc4 Be7 7. Bxc6 bxc6 8. Ne2 O-O 9. O-O a5 10. d3 a4 11. Ng3 d5 12. Ne5 Qe8 13. dxe4 Nxe4 {½-½ (30) Rapport,R (2702)-Karjakin,S (2785) Wijk aan Zee 2017}) 5. d3 {[%emt 0:02:29]} a6 {[%emt 0:00:05]} 6. Bxc6 {[%emt 0:00:48]} dxc6 {[%emt 0:00:04]} 7. Ne2 {[%emt 0:05:13]} Bf5 {[%emt 0:06:04]} 8. Ng3 {[%emt 0:04:26]} Bg6 {[%emt 0:00:21]} 9. d4 $146 {[%emt 0:10:22]} (9. dxe4 Qxd1+ 10. Kxd1 O-O-O+ 11. Nd2 Ng4 12. Rf1 Nxh2 {0-1 (35) Olisov,A (2187)-Sharafiev,A (2414) Uljanovsk 2012}) 9... h5 {[%emt 0:01:55]} 10. h4 {[%emt 0:09:35]} Ng4 {[%emt 0:22:57]} 11. Nc3 {[%emt 0:04:37]} Qe7 {[%emt 0:22:09]} 12. Qe2 {[%emt 0:04:36]} O-O-O {[%emt 0:00:23]} 13. O-O-O {[%emt 0:00:35]} Qe6 {[%emt 0:01:26]} 14. Nf1 {[%emt 0:12:01]} Bb4 {[%emt 0:05:06]} 15. Kb1 {[%emt 0:06:39]} Qf5 {[%emt 0:02:20]} 16. f3 {[%emt 0:01:17]} Nf6 {[%emt 0:00:12]} 17. Nxe4 {[%emt 0:05:34]} Nxe4 {[%emt 0:00:12]} 18. fxe4 {[%emt 0:00:09]} Qxe4 {[%emt 0:00:12]} 19. Ng3 $15 {[%emt 0:00:18]} Qe7 {[%emt 0:04:15]} 20. e4 {[%emt 0:00:53]} f6 {[%emt 0:09:09]} 21. Qf3 {[%emt 0:06:29]} Rhe8 {[%emt 0:01:20]} 22. Nxh5 {[%emt 0:03:29]} Qxe4 {[%emt 0:11:21]} 23. Qxe4 {[%emt 0:00:06]} Rxe4 {[%emt 0:00:58]} 24. Nxg7 {[%emt 0:07:26]} Re2 {[%emt 0:00:05]} 25. Rdf1 {[%emt 0:02:43]} Bxc2+ {[%emt 0:02:44]} 26. Ka1 {[%emt 0:00:20]} c5 {[%emt 0:04:30]} 27. a3 {[%emt 0:00:48]} Ba5 {[%emt 0:01:25]} 28. Nf5 {[%emt 0:00:15]} Bxb3 {[%emt 0:00:44]} 29. g4 {[%emt 0:00:48]} c4 {[%emt 0:01:54]} 30. Rh3 {[%emt 0:01:17]} Rde8 {[%emt 0:00:18]} 31. Bc3 {[%emt 0:00:32]} Ra2+ {[%emt 0:02:01]} 32. Kb1 {[%emt 0:00:01]} Bxc3 {[%emt 0:01:04]} 33. Rxc3 {[%emt 0:00:03]} Ree2 {[%emt 0:00:08]} 34. Ne3 {[%emt 0:02:00]} Reb2+ {[%emt 0:00:12]} 35. Kc1 {[%emt 0:00:07]} Rh2 {[%emt 0:00:04]} 36. Kb1 {[%emt 0:00:17]} Rxa3 {[%emt 0:00:55]} 37. Nc2 {[%emt 0:01:21]} Ba2+ {[%emt 0:00:54]} 38. Kb2 {[%emt 0:00:00]} Rb3+ {[%emt 0:00:04]} 39. Rxb3 {[%emt 0:00:00]} cxb3 {[%emt 0:00:27]} 0-1

[Event "BL 2016-17"]
[Site "Germany"]
[Date "2017.03.19"]
[Round "10"]
[White "Lammers, Markus"]
[Black "Zpevak, Pavel"]
[Result "1/2-1/2"]
[WhiteElo "2312"]
[BlackElo "2355"]
[Annotator "TA"]
[PlyCount "115"]
[EventDate "2017.??.??"]
[EventType "team-tourn"]
[EventCountry "GER"]
[SourceTitle "playchess.com"]
[Source "ChessBase"]
[SourceQuality "1"]
[WhiteTeam "Zugzwang München"]
[BlackTeam "Schwäbisch Hall"]

{[%evp 20,115,85,88,110,85,99,47,48,46,83,29,16,37,25,28,25,14,44,47,59,56,76,58,85,85,93,38,72,7,66,60,83,62,66,60,56,18,48,44,58,7,14,12,29,0,0,0,13,20,41,0,0,0,41,9,12,-7,-6,-2,4,5,4,0,0,0,8,8,11,11,11,11,15,0,0,0,0,0,8,0,0,0,0,0,0,0,0,0,0,0,0,0,0,0,0,-34,-34,-34]} 1. Nf3 Nf6 2. c4 g6 3. d4 Bg7 4. Nc3 O-O 5. g3 d6 6. Bg2 c6 7. O-O Qa5 8. e4 Qh5 9. e5 dxe5 10. Nxe5 Ng4 {[#]} 11. Nf3 $1 {LiveBook: 21 Games. E62: King's Indian: Fianchetto: 6...c6 and Panno Variation (6...Nc6) without ...a6} Na6 (11... Rd8 12. h3 Nf6 13. Ne5 Qxd1 14. Rxd1 Nbd7 15. Be3 Ne8 16. f4 Nd6 17. b3 h5 18. Rac1 Nf5 {1-0 (54) Banusz,T (2552)-Markos,J (2596) Austria 2012}) 12. h3 $146 (12. Re1 Re8 13. d5 cxd5 14. Nxd5 Ne5 15. Nxe5 Qxd1 16. Rxd1 Bxe5 17. Re1 f6 18. Bf4 Bxf4 19. Nxf4 {½-½ (42) Juhasz,K (2268)-Rioboo de la Riva,A (2150) Fermo 2009}) 12... Nf6 13. Ne5 (13. Qb3 $16) 13... Qxd1 $1 $14 14. Rxd1 Nb4 {[#]} 15. Rd2 (15. a3 $1 $16 {[%cal Ra3b4]} Nc2 16. Ra2) 15... Nd7 16. Nxd7 Bxd7 17. a3 Na6 18. Rd1 $36 {[%mdl 2048] White has good play.} Rfd8 19. Be3 Rac8 20. Rac1 Be8 21. d5 Bxc3 22. Rxc3 b6 23. Rcd3 (23. b4 $16) 23... Nc5 24. Rd4 (24. Bxc5 $1 $16 bxc5 25. d6 exd6 26. Rxd6 Rxd6 27. Rxd6) 24... Nb3 (24... cxd5 $11 25. Rxd5 (25. Bxd5 e6 26. Bf3 Rxd4 27. Rxd4 Nb3 $11) 25... Rxd5 26. cxd5 (26. Bxd5 Ba4 27. Rd4 Bb3 $11) 26... Bb5) 25. Re4 $1 {[%cal Re4e7]} e6 {[%cal Rc6d5]} 26. Bg5 Rd7 27. Re3 Na5 28. Rd4 Kg7 29. b4 c5 30. bxc5 (30. Rf4 $1 $14 cxb4 31. dxe6 Rd1+ 32. Kh2) 30... Rxc5 $11 31. Ree4 Nb3 32. Rd3 Na5 33. Rdd4 Nb3 34. Rd1 Na5 35. Rc1 Rdc7 {[%cal Rc5c4]} 36. Bf1 Rc8 (36... Ba4 $5 {creates asymmetry.} 37. d6 Rd7 38. Be3 Nb3 39. Bxc5 Nxc5 40. Re3 Rxd6 41. Be2 Rd2) 37. Be3 (37. Ree1 $5 {with more complications.} Ba4 38. Be3 R5c7 39. dxe6 fxe6 40. Bf4) 37... exd5 38. Rxe8 (38. Re7 $5 {looks sharper.} R5c7 39. Rxc7 Rxc7 40. cxd5 Rxc1 41. Bxc1 Kf6 42. Bf4) 38... Rxe8 39. Bxc5 {Hoping for Bd4+.} bxc5 40. cxd5 {[%mdl 4096] Endgame KRB-KRN} c4 41. Bxc4 Rc8 42. d6 {aiming for d7.} Nxc4 {KRN-KR} 43. d7 Rd8 {...Nb6 is the strong threat.} 44. Rxc4 Rxd7 {KR-KR} 45. Ra4 h6 46. g4 g5 47. Kg2 Kg6 48. Ra6+ f6 49. Kf3 Rd3+ 50. Ke4 Rxh3 51. Rxa7 Rh4 52. Kf3 Rh3+ 53. Kg2 Rb3 54. a4 Ra3 55. a5 h5 56. gxh5+ Kxh5 57. a6 Kg4 58. Ra8 1/2-1/2

[Event "BL 2016-17"]
[Site "Jenbach"]
[Date "2017.04.21"]
[Round "10"]
[White "Deglmann, Ludwig"]
[Black "Kvetny, Mark"]
[Result "0-1"]
[WhiteElo "2300"]
[BlackElo "2372"]
[Annotator "ChessBase"]
[PlyCount "24"]
[EventDate "2017.??.??"]
[EventCountry "AUT"]
[SourceTitle "playchess.com"]
[Source "ChessBase"]
[SourceQuality "1"]
[WhiteTeam "Absam"]
[BlackTeam "Götzis"]
[TimeControl "40/5400+30:1800+30"]

1. f4 {[%emt 0:00:00]} d5 {[%emt 0:00:37]} 2. Nf3 {[%emt 0:00:00]} Bg4 {[%emt 0:03:04]} 3. e3 {[%emt 0:00:12]} Nd7 {[%emt 0:01:07]} 4. h3 {[%emt 0:03:39]} Bxf3 {[%emt 0:06:06]} 5. Qxf3 {[%emt 0:00:28]} Ngf6 {[%emt 0:16:29]} 6. g4 {[%emt 0:01:34]} c6 {[%emt 0:04:23]} 7. d3 {[%emt 0:06:01]} g6 {[%emt 0:04:57]} 8. e4 {[%emt 0:13:50]} dxe4 {[%emt 0:03:04]} 9. dxe4 {[%emt 0:00:07]} e5 {[%emt 0:02:04]} 10. Bc4 {[%emt 0:07:20]} exf4 {[%emt 0:14:01]} 11. Bxf4 {[%emt 0:03:40]} Qe7 {[%emt 0:01:00]} 12. Nd2 {[%emt 0:04:44]} Ne5 {[%emt 0:03:27]} 0-1

[Event "BL 2016-17"]
[Site "Jenbach"]
[Date "2017.04.21"]
[Round "10"]
[White "Gstach, Jakob"]
[Black "Volkmann, Friedrich Karl"]
[Result "0-1"]
[WhiteElo "2299"]
[BlackElo "2402"]
[Annotator "ChessBase"]
[PlyCount "104"]
[EventDate "2017.??.??"]
[EventCountry "AUT"]
[SourceTitle "playchess.com"]
[Source "ChessBase"]
[SourceQuality "1"]
[WhiteTeam "Wien-SK Ottakring"]
[BlackTeam "Wulkaprodersdorf"]
[TimeControl "40/5400+30:1800+30"]

1. d4 {[%emt 0:00:00]} d5 {[%emt 0:01:12]} 2. Nf3 {[%emt 0:00:00]} Nc6 {[%emt 0:00:27]} 3. Bf4 {[%emt 0:00:13]} Bg4 {[%emt 0:00:07]} 4. e3 {[%emt 0:00:40]} e6 {[%emt 0:01:03]} 5. Be2 {[%emt 0:05:06]} Bd6 {[%emt 0:00:38]} 6. c3 {[%emt 0:01:56]} Bxf4 {[%emt 0:03:31]} 7. exf4 {[%emt 0:00:02]} Qf6 {[%emt 0:00:25]} 8. g3 {[%emt 0:00:30]} O-O-O {[%emt 0:10:22]} 9. Nbd2 {[%emt 0:00:41]} h6 {[%emt 0:07:46]} 10. h4 {[%emt 0:11:40]} Qf5 {[%emt 0:04:30]} 11. h5 {[%emt 0:05:48]} Nf6 {[%emt 0:05:31]} 12. Ne5 {[%emt 0:15:23]} Nxe5 {[%emt 0:01:44]} 13. fxe5 {[%emt 0:00:08]} Bxe2 {[%emt 0:01:20]} 14. Qxe2 {[%emt 0:00:06]} Nd7 {[%emt 0:01:27]} 15. f4 {[%emt 0:03:51]} f6 {[%emt 0:06:06]} 16. Nf3 {[%emt 0:19:07]} g5 {[%emt 0:05:44]} 17. hxg6 {[%emt 0:03:12]} Qxg6 {[%emt 0:00:16]} 18. Kf2 {[%emt 0:00:09]} fxe5 {[%emt 0:06:18]} 19. Nxe5 {[%emt 0:01:14]} Nxe5 {[%emt 0:00:11]} 20. Qxe5 {[%emt 0:00:14]} Rdg8 {[%emt 0:04:49]} 21. Rhg1 {[%emt 0:07:10]} h5 {[%emt 0:00:35]} 22. Rae1 {[%emt 0:00:08]} Rh6 {[%emt 0:05:23]} 23. Qe3 {[%emt 0:06:40]} Qf7 {[%emt 0:05:53]} 24. Qf3 {[%emt 0:04:39]} h4 {[%emt 0:10:52]} 25. gxh4 {[%emt 0:00:13]} Rxg1 {[%emt 0:00:23]} 26. Rxg1 {[%emt 0:00:23]} Rxh4 {[%emt 0:00:08]} 27. Rg4 {[%emt 0:00:38]} Rh6 {[%emt 0:01:23]} 28. Qg3 {[%emt 0:01:33]} b6 {[%emt 0:04:41]} 29. Rh4 {[%emt 0:02:35]} Rxh4 {[%emt 0:02:11]} 30. Qxh4 {[%emt 0:00:02]} Qf5 {[%emt 0:00:06]} 31. Qh8+ {[%emt 0:00:39]} Kb7 {[%emt 0:00:08]} 32. Qe5 {[%emt 0:00:53]} Qc2+ {[%emt 0:04:00]} 33. Qe2 {[%emt 0:00:48]} Qg6 {[%emt 0:00:51]} 34. a3 {[%emt 0:01:30]} Kc6 {[%emt 0:01:09]} 35. Ke1 {[%emt 0:02:29]} a5 {[%emt 0:00:21]} 36. Kd2 {[%emt 0:01:57]} Qf5 {[%emt 0:01:28]} 37. Qe5 {[%emt 0:02:16]} a4 {[%emt 0:01:48]} 38. Qe3 {[%emt 0:01:29]} Kd6 {[%emt 0:02:24]} 39. Kc1 {[%emt 0:00:34]} c5 {[%emt 0:00:26]} 40. Qg3 {[%emt 0:00:00]} Kc6 {[%emt 0:02:11]} 41. Qe3 {[%emt 0:05:23]} Kd6 {[%emt 0:02:08]} 42. Qg3 {[%emt 0:01:03]} cxd4 {[%emt 0:06:00]} 43. cxd4 {[%emt 0:00:07]} Kd7 {[%emt 0:00:30]} 44. Qg7+ {[%emt 0:09:59]} Kc6 {[%emt 0:00:24]} 45. Qg3 {[%emt 0:00:07]} Qe4 {[%emt 0:01:46]} 46. Qc3+ {[%emt 0:00:15]} Kd7 {[%emt 0:02:12]} 47. Qb4 {[%emt 0:00:10]} Qxf4+ {[%emt 0:00:05]} 48. Kb1 {[%emt 0:00:05]} Qf1+ {[%emt 0:00:20]} 49. Kc2 {[%emt 0:00:50]} Qe2+ {[%emt 0:05:24]} 50. Kb1 {[%emt 0:00:25]} Qd3+ {[%emt 0:00:08]} 51. Ka1 {[%emt 0:00:24]} Qf1+ {[%emt 0:00:04]} 52. Ka2 {[%emt 0:00:06]} Qc4+ {[%emt 0:00:05]} 0-1

[Event "BL 2016-17"]
[Site "Jenbach"]
[Date "2017.04.21"]
[Round "10"]
[White "Hebesberger, Thomas"]
[Black "Baldauf, Marco"]
[Result "0-1"]
[WhiteElo "2299"]
[BlackElo "2439"]
[Annotator "TA"]
[PlyCount "90"]
[EventDate "2017.??.??"]
[EventCountry "AUT"]
[SourceTitle "playchess.com"]
[Source "ChessBase"]
[SourceQuality "1"]
[WhiteTeam "St. Veit"]
[BlackTeam "Hohenems"]

{[%evp 19,90,-2,0,-17,-17,-45,-42,-49,-43,-142,-138,-140,-145,-159,-158,-192,-207,-210,-208,-204,-109,-168,-162,-160,-136,-145,-96,-95,-83,-141,-141,-139,-133,-143,-136,-145,-133,-412,-257,-263,-227,-231,-228,-231,-226,-209,-223,-304,-296,-308,-300,-353,-345,-339,-321,-389,-389,-382,-376,-419,-420,-588,-588,-1106,-944,-1195,-781,-5615,-5330,-5608,-5548,-4631,-4614]} 1. c4 Nf6 2. Nc3 e6 3. Nf3 d5 4. e3 Be7 5. b3 O-O 6. Bb2 b6 7. cxd5 {A13: English Opening: 1...e6} (7. d4 Ba6 8. Bd3 c5 9. cxd5 Bxd3 10. Qxd3 exd5 11. dxc5 bxc5 12. O-O Nc6 13. Rad1 Nb4 14. Qb1 Qb6 {1-0 (50) Malakhov,V (2713)-Bologan,V (2640) Doha 2016}) 7... exd5 8. Be2 Bb7 9. O-O Nbd7 10. Rc1 a6 {LiveBook: 4 Games} 11. Nd4 $146 (11. Bd3 Re8 12. Ne2 Ne4 13. Bb1 Bd6 14. Ng3 g6 15. Qc2 Rc8 16. d3 Nxg3 17. hxg3 {0-1 (44) Zhai,M (2371)-Xiao,Y (2222) Xinghua 2016}) 11... Re8 12. f4 c5 {[%cal Bc7c5,Bc5d4][%mdl 32]} 13. Nf5 Bf8 14. Bd3 ({White should play} 14. Bf3 $15) 14... g6 15. Ng3 d4 16. exd4 cxd4 17. Nce2 Nc5 18. Bb1 Qd5 {[%csl Gb7][%cal Rd5g2] [#]} 19. Rf3 Qd6 (19... d3 $19 20. Nc3 Qd4+ 21. Rf2 Nfe4 22. Ncxe4 Qxb2) 20. Nxd4 (20. Nf5 $17 {might work better.} Qd8 21. Nfxd4) 20... Bxf3 $19 21. Qxf3 Qd5 22. f5 Qxf3 23. Nxf3 Bg7 (23... Ncd7 $5 {is more complex.} 24. Ng5 Bb4 25. Nf3 Rac8 26. Rxc8 Rxc8 27. a4 b5) 24. fxg6 (24. Bxf6 $142 Bxf6 25. d4) 24... hxg6 $17 25. d4 Ncd7 26. Rc7 Rac8 27. Ra7 Bh6 {[#] And now ...Bc1 would win.} 28. Ne5 $2 {[%mdl 8192]} (28. Kf1 $17) 28... Bc1 29. Nxd7 Nxd7 30. Rxd7 {intending Ne4.} Bxb2 31. Bd3 Red8 32. Rxd8+ Rxd8 33. Bxa6 Bxd4+ $19 {[%mdl 4096] Endgame KRB-KBN} 34. Kf1 Ra8 35. Bc4 Rxa2 36. Ne4 Kg7 37. h4 f5 38. Ng5 {Threatening Ne6+.} Be3 39. g3 Kf6 40. Nh3 Rh2 {Black is clearly winning.} 41. Bd5 f4 ({Weaker is} 41... Rxh3 42. Kg2 $17) 42. Nxf4 Bxf4 43. gxf4 Rxh4 44. Kg2 Rxf4 45. Kg3 g5 0-1

[Event "BL 2016-17"]
[Site "Germany"]
[Date "2017.03.19"]
[Round "10"]
[White "Nothnagel, Holger"]
[Black "Andersen, Mads"]
[Result "0-1"]
[WhiteElo "2299"]
[BlackElo "2565"]
[Annotator "TA"]
[PlyCount "84"]
[EventDate "2017.??.??"]
[EventType "team-tourn"]
[EventCountry "GER"]
[SourceTitle "playchess.com"]
[Source "ChessBase"]
[SourceQuality "1"]
[WhiteTeam "Griesheim"]
[BlackTeam "Solingen"]

{[%evp 15,84,-11,5,-12,-29,-34,-28,-36,-37,-39,-34,-28,4,-37,-31,-27,-32,-37,-42,-33,-33,-48,-50,-46,-67,-131,0,-97,-95,-114,-112,-112,-90,-84,-97,-67,-61,-145,-94,-398,-373,-481,-295,-297,-175,-186,-178,-175,-159,-176,-195,-243,-248,-235,-45,-279,-276,-270,-265,-265,-54,-261,-247,-246,-240,-347,-330,-347,-338,-330,-289]} 1. e4 c5 2. g3 Nc6 3. Bg2 g6 4. d3 Bg7 5. f4 d6 6. Nf3 Nf6 7. O-O O-O 8. c3 Rb8 {LiveBook: 83 Games} 9. a3 {B20: Sicilian: Unusual White 2nd moves} (9. a4 a6 10. Re1 b5 11. axb5 axb5 12. h3 b4 13. Kh2 e5 14. fxe5 Nxe5 15. Nxe5 dxe5 16. Be3 bxc3 17. bxc3 Qc7 {1-0 (65) Amin,B (2654)-Al Sayed,M (2491) Abu Dhabi 2013}) 9... b5 10. Nbd2 a5 11. Qe2 {Black has an edge.} Nd7 12. Nh4 $146 (12. Ng5 Qc7 13. e5 dxe5 14. f5 Nf6 15. fxg6 hxg6 16. Nde4 Nd8 {0-1 (36) Buchal,S (2360)-Kassebaum,R (2335) Germany 1994}) 12... Qc7 13. Ndf3 e6 14. Bd2 b4 15. axb4 $1 axb4 16. f5 bxc3 17. bxc3 Rb2 {Hoping for ...Bxc3!} 18. Qe3 Nf6 {[%cal Re6f5,Bd7f6,Bf6d5,Bd5c3][%mdl 32]} 19. fxg6 hxg6 20. Bh3 {[#]} (20. Rfb1 $15 Rxb1+ 21. Rxb1) 20... d5 (20... c4 $1 $17 {[%mdl 512]} 21. Bc1 (21. dxc4 Na5) 21... Rb7) 21. e5 {[#]} (21. exd5 $11 {remains equal.} Nxd5 22. Qxc5) 21... d4 $1 $17 {[%cal Rd4e3][%mdl 512]} 22. Qe1 (22. cxd4 cxd4) 22... Nd5 {[%cal Rc6e5]} 23. cxd4 Nxd4 24. Nxd4 cxd4 25. Nf3 Bb7 26. Rc1 {[#]} (26. Rf2 $1 $15) 26... Qb6 ({Black should try} 26... Nc3 $1 {[%mdl 512]} 27. Bxc3 (27. Nxd4 $2 Rxd2 28. Qxd2 Qxe5 $19) 27... dxc3 28. Qxc3 Qb6+ 29. Qd4 Qxd4+ 30. Nxd4 Bh6) 27. g4 $2 {[%mdl 8192]} (27. Rb1 $17 {is more resistant.}) 27... Nc3 28. Ng5 {And now Qh4 would win.} Qc6 {( -> ...Qh1+)} 29. Ne4 Rxd2 (29... Qb5 $142 30. Rf2 Qxd3) 30. Qxd2 $19 {Bg2 is the strong threat.} Nxe4 31. dxe4 Qxe4 {Threatens to win with ...Qh1+.} 32. Bg2 Qxg4 33. Rce1 {[#]} Bh6 $1 {[%cal Rh6d2][%mdl 512]} 34. Qb2 (34. Qxh6 Qxg2#) 34... Rb8 $2 ({Better is} 34... Ba6 $19 35. Re4 Be3+ 36. Kh1 Qg5) 35. Rd1 $2 (35. Kh1 $1 $15 Bxg2+ 36. Qxg2 Qxg2+ 37. Kxg2) 35... Be3+ ({Much less strong is} 35... Bf4 36. Kh1 Bxg2+ 37. Qxg2 Qxg2+ 38. Kxg2 Bxe5 39. Rb1 $17) 36. Kh1 Bxg2+ 37. Qxg2 Qxg2+ 38. Kxg2 {KRR-KRB} Rb5 39. Rb1 Rxe5 40. Rb7 (40. Kf3 $142) 40... Rg5+ {Black has a decisive advantage.} 41. Kh1 Rf5 42. Ra1 Rf2 0-1